[Event "1st Metropolitan International"]
[Site "Los Angeles"]
[Date "2011.08.21"]
[Round "9"]
[White "Langer, Michael"]
[Black "Piasetski, Leon"]
[Result "0-1"]
[WhiteElo "2180"]
[BlackElo "2289"]
[PlyCount "66"]
[EventDate "2011.08.17"]
[EventType "swiss"]
[EventRounds "9"]
[EventCountry "USA"]
[SourceDate "2011.08.22"]

1. e4 c5 2. Nf3 e6 3. d4 cxd4 4. Nxd4 a6 5. Bd3 Bc5 6. Nb3 Be7 7. Qg4 g6 8. Qe2
d6 9. O-O Nd7 10. Na3 b6 11. Nc4 Bb7 12. a4 Ngf6 13. Bh6 d5 14. exd5 Nxd5 15.
Be4 Qc7 16. Nbd2 Bf8 17. Bxf8 Kxf8 18. Bf3 Kg7 19. g3 Rac8 20. b3 Ba8 21. Rfc1
Rhd8 22. Bg2 b5 23. axb5 axb5 24. Na5 Nc3 25. Qe3 Qc5 26. Re1 Qxe3 27. fxe3
Bxg2 28. Kxg2 Nf6 29. Nf3 Nfd5 30. Rac1 Nb4 31. Kh3 Rd7 32. Nd4 Ra7 33. Ra1
Rca8 0-1

[Event "1st Metropolitan International"]
[Site "Los Angeles"]
[Date "2011.08.21"]
[Round "9"]
[White "Liou, Yian"]
[Black "Kavutskiy, Konstantin"]
[Result "1/2-1/2"]
[WhiteElo "2299"]
[BlackElo "2225"]
[PlyCount "83"]
[EventDate "2011.08.17"]
[EventType "swiss"]
[EventRounds "9"]
[EventCountry "USA"]
[SourceDate "2011.08.22"]

1. e4 e6 2. d4 d5 3. Nd2 c5 4. Ngf3 cxd4 5. Nxd4 Nf6 6. exd5 Qxd5 7. N2f3 a6 8.
Be2 e5 9. c4 Qa5+ 10. Bd2 Bb4 11. Nb3 Bxd2+ 12. Qxd2 Qxd2+ 13. Nfxd2 Bf5 14. c5
Nbd7 15. Rc1 O-O 16. Na5 b6 17. cxb6 Nxb6 18. O-O Nbd5 19. Rfe1 Nb4 20. Nc6
Nxc6 21. Rxc6 Rfd8 22. Nc4 e4 23. h3 Be6 24. b3 Nd5 25. Nb6 Nxb6 26. Rxb6 Rd2
27. a3 a5 28. Bg4 Bxg4 29. hxg4 Rd4 30. a4 h6 31. Rb5 f6 32. Rc1 Ra7 33. Rc3
Kf7 34. Kh2 e3 35. Rxe3 Rxg4 36. Rd3 Rg5 37. Rb6 Rc7 38. Rbd6 Rc2 39. Rd7+ Kg6
40. Rd2 Rc3 41. R7d3 Rgc5 42. Rxc3 1/2-1/2

[Event "1st Metropolitan International"]
[Site "Los Angeles"]
[Date "2011.08.21"]
[Round "9"]
[White "Manukyan, Garush"]
[Black "Haessel, Dale"]
[Result "1-0"]
[WhiteElo "2292"]
[BlackElo "2211"]
[PlyCount "43"]
[EventDate "2011.08.17"]
[EventType "swiss"]
[EventRounds "9"]
[EventCountry "USA"]
[SourceDate "2011.08.22"]

1. b3 e5 2. Bb2 Nc6 3. g3 g6 4. Bg2 Bg7 5. c4 Nge7 6. Nc3 O-O 7. e3 d6 8. Nge2
Be6 9. O-O d5 10. d3 f5 11. e4 dxe4 12. dxe4 f4 13. f3 Nb4 14. Nd5 Nbxd5 15.
cxd5 Bd7 16. gxf4 exf4 17. Bxg7 Kxg7 18. Qd4+ Kg8 19. Rac1 Bb5 20. Rf2 Qd6 21.
Bh3 Bd7 22. e5 1-0

[Event "1st Metropolitan International"]
[Site "Los Angeles"]
[Date "2011.08.21"]
[Round "9"]
[White "Mateer, Amanda"]
[Black "Hamzah, Amier"]
[Result "1-0"]
[WhiteElo "2096"]
[BlackElo "1800"]
[PlyCount "71"]
[EventDate "2011.08.17"]
[EventType "swiss"]
[EventRounds "9"]
[EventCountry "USA"]
[SourceDate "2011.08.22"]

1. d4 Nf6 2. c4 c5 3. d5 b5 4. Bg5 Ne4 5. Bf4 d6 6. f3 Nf6 7. e4 Nbd7 8. cxb5
a6 9. Nc3 g6 10. Bd3 Bg7 11. Nge2 O-O 12. O-O axb5 13. Bxb5 Ba6 14. Qd2 Qc7 15.
h3 Rfd8 16. Rfe1 c4 17. Nd4 Nc5 18. Bxa6 Rxa6 19. Ncb5 Qb7 20. Rec1 Qb6 21. Be3
Rda8 22. Na3 Nfd7 23. Nxc4 Qb7 24. b4 Na4 25. Rab1 Nab6 26. Na5 Qb8 27. Ndc6
Qf8 28. b5 Rxa5 29. Nxa5 Nc5 30. Kh1 Ncd7 31. Nc6 h5 32. Rb4 Kh7 33. Qc2 Rc8
34. a4 Ra8 35. a5 Nc8 36. b6 1-0

[Event "1st Metropolitan International"]
[Site "Los Angeles"]
[Date "2011.08.21"]
[Round "9"]
[White "Peters, Jack"]
[Black "Akopian, Robert"]
[Result "1-0"]
[WhiteElo "2377"]
[BlackElo "2047"]
[PlyCount "77"]
[EventDate "2011.08.17"]
[EventType "swiss"]
[EventRounds "9"]
[EventCountry "USA"]
[SourceDate "2011.08.22"]

1. e4 d6 2. d4 Nf6 3. Nc3 g6 4. Be3 a6 5. Be2 Bg7 6. f4 d5 7. e5 Ne4 8. Nxe4
dxe4 9. d5 O-O 10. Qd4 c6 11. Bc4 cxd5 12. Qxd5 Qc7 13. Qc5 Nc6 14. Ne2 Kh8 15.
Nc3 Bf5 16. h3 g5 17. fxg5 Qxe5 18. Qxe5 Nxe5 19. Bd5 Rac8 20. Bxb7 Rb8 21.
Bxa6 Rxb2 22. O-O-O Rbb8 23. Rd5 Ra8 24. Bb5 e6 25. Rc5 Rac8 26. Rd1 Ng6 27. g4
Bxg4 28. hxg4 Rxc5 29. Bxc5 Rc8 30. Na4 Ne5 31. Be2 h6 32. Be7 Nc6 33. Bf6 Bxf6
34. gxf6 Nb4 35. Rd4 Rxc2+ 36. Kd1 Rxa2 37. Rxb4 Kh7 38. Nc3 Ra1+ 39. Kd2 1-0

[Event "1st Metropolitan International"]
[Site "Los Angeles"]
[Date "2011.08.21"]
[Round "9"]
[White "Phillips, Jeff"]
[Black "Steinfl, Alessandro"]
[Result "0-1"]
[WhiteElo "2071"]
[BlackElo "2164"]
[PlyCount "66"]
[EventDate "2011.08.17"]
[EventType "swiss"]
[EventRounds "9"]
[EventCountry "USA"]
[SourceDate "2011.08.22"]

1. e4 d5 2. Nc3 dxe4 3. Nxe4 Qd5 4. Qf3 Nc6 5. c4 Qe5 6. Qe3 Nd4 7. Bd3 Nf5 8.
Qe2 Nd4 9. Nf3 Nxe2 10. Nxe5 Nf4 11. Bf1 f6 12. Nf3 e5 13. g3 Bg4 14. Nh4 Ne6
15. f3 Bh5 16. Bh3 Nd4 17. O-O Ne7 18. g4 Bf7 19. d3 Nec6 20. a3 Nb3 21. Rb1
O-O-O 22. g5+ Kb8 23. gxf6 gxf6 24. Nf5 Rxd3 25. Nxf6 Bxc4 26. Ne3 Bc5 27. Re1
Nxc1 28. Rbxc1 Bxe3+ 29. Rxe3 Rxe3 30. Rxc4 Rxf3 31. Nd7+ Ka8 32. Bg2 Rg8 33.
Nc5 Nd4 0-1

[Event "1st Metropolitan International"]
[Site "Los Angeles"]
[Date "2011.08.21"]
[Round "9"]
[White "Ravichandran, Siddharth"]
[Black "Gurevich, Dmitry"]
[Result "1/2-1/2"]
[WhiteElo "2387"]
[BlackElo "2479"]
[PlyCount "68"]
[EventDate "2011.08.17"]
[EventType "swiss"]
[EventRounds "9"]
[EventCountry "USA"]
[SourceDate "2011.08.22"]

1. e4 c5 2. Nf3 d6 3. c3 Nf6 4. Be2 g6 5. O-O Bg7 6. Bb5+ Bd7 7. Bxd7+ Qxd7 8.
Re1 Nc6 9. d4 cxd4 10. cxd4 d5 11. e5 Ne4 12. Nbd2 Nxd2 13. Bxd2 O-O 14. Rc1
Rac8 15. Qb3 b6 16. Qa3 Rc7 17. Bf4 Qf5 18. g3 Rcc8 19. Rc3 a5 20. Qb3 Nb4 21.
a3 Rxc3 22. Qxc3 Rc8 23. Qb3 Qd3 24. Qd1 Qxd1 25. Rxd1 Nc6 26. Rc1 Kf8 27. Rc3
Na7 28. Rxc8+ Nxc8 29. a4 Ke8 30. Kf1 h6 31. g4 Kd7 32. b3 Na7 33. Ke2 Nc6 34.
Kd3 Nb4+ 1/2-1/2

[Event "1st Metropolitan International"]
[Site "Los Angeles"]
[Date "2011.08.21"]
[Round "9"]
[White "Rosen, Eric"]
[Black "Ginsburg, Mark"]
[Result "0-1"]
[WhiteElo "2216"]
[BlackElo "2387"]
[PlyCount "94"]
[EventDate "2011.08.17"]
[EventType "swiss"]
[EventRounds "9"]
[EventCountry "USA"]
[SourceDate "2011.08.22"]

1. c4 Nf6 2. Nc3 e6 3. e4 d5 4. e5 Ne4 5. cxd5 Nxc3 6. dxc3 Qxd5 7. Qxd5 exd5
8. Be3 Be6 9. f4 c5 10. Nf3 Nc6 11. Bd3 d4 12. cxd4 cxd4 13. Bd2 O-O-O 14. O-O
Bc5 15. Rfc1 Bb6 16. a4 a6 17. b4 Kb8 18. b5 axb5 19. axb5 Ne7 20. Ng5 h6 21.
Ne4 Nd5 22. Nd6 Nc3 23. Kf1 f6 24. Bxc3 dxc3 25. Ra4 fxe5 26. fxe5 Rhf8+ 27.
Ke1 Rf2 28. Be4 Ra2 29. Rxa2 Bxa2 30. Ke2 Bd4 31. Nxb7 Bc4+ 32. Kf3 Rf8+ 33.
Kg4 Bxe5 34. Nc5 Rf4+ 35. Kh3 Bd4 36. Na6+ Ka7 37. Bf3 Bf2 38. g4 Rxf3+ 39. Kg2
Rf4 40. Rxc3 Bb6 41. Ra3 Kb7 42. Kg3 g5 43. Rc3 Bf2+ 44. Kg2 Bf1+ 45. Kh1 Bxb5
46. Nc5+ Bxc5 47. Rxc5 Bc6+ 0-1

[Event "1st Metropolitan International"]
[Site "Los Angeles"]
[Date "2011.08.21"]
[Round "9"]
[White "Ruck, Robert"]
[Black "Gareev, Timur"]
[Result "1/2-1/2"]
[WhiteElo "2569"]
[BlackElo "2613"]
[PlyCount "61"]
[EventDate "2011.08.17"]
[EventType "swiss"]
[EventRounds "9"]
[EventCountry "USA"]
[SourceDate "2011.08.22"]

1. Nf3 Nf6 2. g3 d5 3. Bg2 c6 4. O-O Bg4 5. b3 e6 6. Bb2 Nbd7 7. c4 h6 8. d4
Be7 9. Nbd2 O-O 10. a3 a5 11. Bc3 Qb6 12. c5 Qc7 13. b4 a4 14. Qc2 Bf5 15. Qb2
b6 16. cxb6 Qxb6 17. Rac1 Rfc8 18. Qa1 Rab8 19. Qa2 Bh7 20. Ba1 Ne8 21. Rfe1
Nd6 22. Bb2 Rc7 23. Qa1 Qa7 24. Bf1 Bf5 25. e3 Rbc8 26. Be2 Qa8 27. Red1 Bg4
28. Rc2 Bf5 29. Rcc1 Bg4 30. Rc2 Bf5 31. Rcc1 1/2-1/2

[Event "1st Metropolitan International"]
[Site "Los Angeles"]
[Date "2011.08.21"]
[Round "9"]
[White "Sevillano, Enrico"]
[Black "Lee, Michael"]
[Result "1/2-1/2"]
[WhiteElo "2492"]
[BlackElo "2395"]
[PlyCount "129"]
[EventDate "2011.08.17"]
[EventType "swiss"]
[EventRounds "9"]
[EventCountry "USA"]
[SourceDate "2011.08.22"]

1. e4 c5 2. c3 d5 3. exd5 Qxd5 4. Nf3 Nf6 5. Na3 Bg4 6. Be2 Nc6 7. h3 Bh5 8.
Qa4 e6 9. Nc4 Nd7 10. d3 a6 11. Ne3 Qd6 12. Qh4 Bg6 13. Nc4 Qd5 14. Bf4 e5 15.
Bh2 b5 16. Ne3 Qd6 17. g4 Bxd3 18. O-O-O c4 19. Nf5 Qd5 20. Rhe1 f6 21. Ne3 Qd6
22. Nf5 Qd5 23. N3d4 Nxd4 24. Nxd4 O-O-O 25. Bf3 e4 26. Rxd3 cxd3 27. Bxe4 Qxa2
28. Bxd3 Qa1+ 29. Bb1 Ba3 30. Re2 Rhe8 31. Qg3 Ne5 32. bxa3 Qxa3+ 33. Rb2 b4
34. Bf5+ Kc7 35. Kb1 bxc3 36. Rb3 Qa5 37. Rxc3+ Kd6 38. f4 Rb8+ 39. Nb3 Nf7 40.
Bc2 Ke7 41. Re3+ Kf8 42. Rxe8+ Kxe8 43. Bg1 Qb4 44. Ka2 Qa4+ 45. Kb2 Nd6 46.
Bc5 Kf7 47. Qd3 Nc4+ 48. Kc3 Nb6 49. Bxb6 Rxb6 50. Qxh7 Qxf4 51. Bg6+ Ke6 52.
Qg8+ Ke5 53. Qe8+ Re6 54. Qb8+ Rd6 55. Bd3 Qe3 56. Qe8+ Kf4 57. Qg6 Kg3 58. Qh7
Rxd3+ 59. Qxd3 Qxd3+ 60. Kxd3 Kxh3 61. Nc5 a5 62. g5 fxg5 63. Ne6 g4 64. Nxg7
g3 65. Nh5 1/2-1/2

[Event "1st Metropolitan International"]
[Site "Los Angeles"]
[Date "2011.08.21"]
[Round "9"]
[White "Sinanan, Joshua"]
[Black "Huang, Vincent"]
[Result "0-1"]
[WhiteElo "2273"]
[BlackElo "2128"]
[PlyCount "76"]
[EventDate "2011.08.17"]
[EventType "swiss"]
[EventRounds "9"]
[EventCountry "USA"]
[SourceDate "2011.08.22"]

1. d4 d5 2. c4 c6 3. Nf3 Nf6 4. e3 e6 5. b3 Nbd7 6. Bb2 Ne4 7. Nbd2 f5 8. Be2
Bd6 9. O-O O-O 10. Ne5 Nxe5 11. dxe5 Bb4 12. Nf3 Qe7 13. a3 Ba5 14. b4 Bc7 15.
Rc1 Bd7 16. Nd4 Bxe5 17. Nxc6 Bxh2+ 18. Kxh2 bxc6 19. Be5 Rac8 20. g3 Rfd8 21.
c5 Ra8 22. Kg2 Be8 23. f3 Ng5 24. Bd3 Nf7 25. Bb2 Bd7 26. Qc2 Qg5 27. f4 Qg6
28. Rh1 Re8 29. Be2 h6 30. Kf2 Qh7 31. Rcg1 e5 32. fxe5 Nxe5 33. Qc3 Ng4+ 34.
Bxg4 fxg4 35. Rh5 Re4 36. Qd2 Qg6 37. Rgh1 Rc4 38. Bc3 Re8 0-1

[Event "1st Metropolitan International"]
[Site "Los Angeles"]
[Date "2011.08.21"]
[Round "9"]
[White "Szabo, Bence"]
[Black "Kleinman, Michael"]
[Result "1-0"]
[WhiteElo "2362"]
[BlackElo "2221"]
[PlyCount "43"]
[EventDate "2011.08.17"]
[EventType "swiss"]
[EventRounds "9"]
[EventCountry "USA"]
[SourceDate "2011.08.22"]

1. d4 Nf6 2. c4 g6 3. Nc3 d5 4. Bg5 Ne4 5. Bh4 Nxc3 6. bxc3 dxc4 7. e3 Be6 8.
Nf3 Bg7 9. Rb1 b6 10. Be2 O-O 11. O-O c5 12. dxc5 Qc7 13. Nd4 Bd5 14. Nf5 Be4
15. Nxe7+ Kh8 16. Rb4 f6 17. Qd6 Qxc5 18. Qxc5 bxc5 19. Rxc4 Bb7 20. Rxc5 Rf7
21. Rc7 Ba6 22. Bf3 1-0

[Event "1st Metropolitan International"]
[Site "Los Angeles"]
[Date "2011.08.21"]
[Round "9"]
[White "Tanaka, Christian"]
[Black "Anderson, Michael"]
[Result "1-0"]
[WhiteElo "2098"]
[BlackElo "1900"]
[PlyCount "111"]
[EventDate "2011.08.17"]
[EventType "swiss"]
[EventRounds "9"]
[EventCountry "USA"]
[SourceDate "2011.08.22"]

1. d4 Nf6 2. c4 e6 3. g3 c5 4. d5 exd5 5. cxd5 d6 6. Nc3 g6 7. Bg2 Bg7 8. Nf3
O-O 9. O-O Re8 10. Nd2 Na6 11. Nc4 Nc7 12. Bf4 Bf8 13. a4 Nh5 14. Bd2 Bd7 15.
Re1 b5 16. axb5 Nxb5 17. Nxb5 Bxb5 18. Na5 a6 19. Nc6 Qd7 20. Bc3 Ng7 21. e4
Rac8 22. e5 Qc7 23. exd6 Bxd6 24. Qd2 Rxe1+ 25. Rxe1 Re8 26. Rxe8+ Nxe8 27. Qe3
Ng7 28. f4 Qd7 29. Be5 Nf5 30. Qc3 c4 31. Bxd6 Qxd6 32. Ne5 Qc5+ 33. Kh1 h5 34.
g4 hxg4 35. Nxg4 Qd4 36. Qxd4 Nxd4 37. Ne3 Nb3 38. d6 Kf8 39. Bd5 Na5 40. Kg2
Ke8 41. h4 f6 42. f5 gxf5 43. Kf3 Kd7 44. h5 Bc6 45. h6 Bxd5+ 46. Nxd5 Nc6 47.
h7 Ne5+ 48. Kf4 Ke6 49. Nc7+ Kf7 50. d7 Ke7 51. Kxf5 Nf7 52. d8=Q+ Kxd8 53.
Kxf6 Nh8 54. Kg7 Ke7 55. Kxh8 Kf7 56. Nxa6 1-0

[Event "1st Metropolitan International"]
[Site "Los Angeles"]
[Date "2011.08.21"]
[Round "9"]
[White "Taylor, Timothy"]
[Black "Bodek, Michael"]
[Result "1-0"]
[WhiteElo "2279"]
[BlackElo "2191"]
[PlyCount "57"]
[EventDate "2011.08.17"]
[EventType "swiss"]
[EventRounds "9"]
[EventCountry "USA"]
[SourceDate "2011.08.22"]

1. e4 c5 2. Nf3 d6 3. d4 cxd4 4. Nxd4 Nf6 5. Nc3 g6 6. Be2 Bg7 7. Be3 O-O 8.
Nb3 Nc6 9. f4 Be6 10. g4 Na5 11. g5 Nd7 12. Bd4 Bxb3 13. Bxg7 Bxc2 14. Qxc2
Kxg7 15. h4 Nc6 16. O-O-O Qa5 17. Kb1 Nc5 18. h5 e5 19. hxg6 fxg6 20. Bc4 h5
21. gxh6+ Kh7 22. f5 Ne7 23. Nd5 Rae8 24. Nxe7 Rxe7 25. fxg6+ Kxg6 26. Rdg1+
Kh7 27. Rg7+ Rxg7 28. hxg7+ Kxg7 29. Qg2+ 1-0

[Event "1st Metropolitan International"]
[Site "Los Angeles"]
[Date "2011.08.21"]
[Round "9"]
[White "Troff, Kayden"]
[Black "Altounian, Levon"]
[Result "1/2-1/2"]
[WhiteElo "2282"]
[BlackElo "2431"]
[PlyCount "103"]
[EventDate "2011.08.17"]
[EventType "swiss"]
[EventRounds "9"]
[EventCountry "USA"]
[SourceDate "2011.08.22"]

1. d4 e6 2. c4 f5 3. Nf3 Nf6 4. g3 Bb4+ 5. Nbd2 O-O 6. Bg2 d5 7. O-O c6 8. Ne5
Nbd7 9. Ndf3 Nxe5 10. Nxe5 Bd6 11. b3 a5 12. a4 Qe7 13. Bb2 Bd7 14. f3 Be8 15.
Qd3 Rd8 16. Qe3 c5 17. Nd3 b6 18. dxc5 bxc5 19. Be5 d4 20. Qf4 Bxe5 21. Qxe5
Rc8 22. e4 Nd7 23. Qf4 Bg6 24. Qd2 Qd8 25. Nf4 Bf7 26. exf5 exf5 27. Rfe1 Qb6
28. Qc2 g6 29. Nh3 Rfe8 30. Ng5 Qb4 31. Kf1 Nf6 32. Bh3 Rb8 33. Bxf5 Qxb3 34.
Rxe8+ Nxe8 35. Qxb3 Rxb3 36. Be6 Bxe6 37. Nxe6 Rxf3+ 38. Kg2 Rf5 39. Re1 Nd6
40. g4 Rf6 41. Nxc5 Nxc4 42. Re8+ Kf7 43. Rd8 Ne3+ 44. Kg3 Nf1+ 45. Kg2 Ne3+
46. Kg3 Rc6 47. Ne4 Ke6 48. Ng5+ Ke7 49. Rxd4 Rc4 50. Re4+ Rxe4 51. Nxe4 Nd5
52. Nc5 1/2-1/2

[Event "1st Metropolitan International"]
[Site "Los Angeles"]
[Date "2011.08.21"]
[Round "9"]
[White "Van Wely, Loek"]
[Black "Amanov, Mesgen"]
[Result "1/2-1/2"]
[WhiteElo "2683"]
[BlackElo "2544"]
[PlyCount "39"]
[EventDate "2011.08.17"]
[EventType "swiss"]
[EventRounds "9"]
[EventCountry "USA"]
[SourceDate "2011.08.22"]

1. c4 e6 2. Nf3 Nf6 3. d4 d5 4. g3 dxc4 5. Bg2 a6 6. Ne5 c5 7. Na3 cxd4 8.
Naxc4 Bc5 9. O-O O-O 10. Bd2 Nd5 11. Rc1 Ba7 12. Qb3 f6 13. Nd3 Nc6 14. a4 Kh8
15. a5 Rb8 16. Qa3 Qe7 17. Rfd1 Rd8 18. Qxe7 Ncxe7 19. Bb4 Nxb4 20. Nxb4
1/2-1/2

[Event "1st Metropolitan International"]
[Site "Los Angeles"]
[Date "2011.08.21"]
[Round "9"]
[White "Viswanadha, Kesav"]
[Black "Hall, Bobby"]
[Result "1/2-1/2"]
[WhiteElo "1919"]
[BlackElo "2044"]
[PlyCount "73"]
[EventDate "2011.08.17"]
[EventType "swiss"]
[EventRounds "9"]
[EventCountry "USA"]
[SourceDate "2011.08.22"]

1. e4 c5 2. c3 Nf6 3. e5 Nd5 4. d4 cxd4 5. Nf3 e6 6. cxd4 d6 7. Nc3 Nxc3 8.
bxc3 Qc7 9. Bd2 Nd7 10. exd6 Bxd6 11. Bd3 b6 12. O-O Bb7 13. h3 O-O 14. Rc1 Bf4
15. Be3 Rad8 16. Qe2 Rfe8 17. Qd2 Bd6 18. Qe2 Rc8 19. Bc2 Nf8 20. Ba4 Red8 21.
Bg5 Be7 22. Be3 Ng6 23. Bb3 Bc6 24. c4 Qb7 25. Rfd1 Qa6 26. Ne5 Ba8 27. Nxg6
hxg6 28. Qf1 Rd7 29. Qe1 Rcd8 30. c5 Rc8 31. cxb6 axb6 32. Rxc8+ Qxc8 33. d5
Bxd5 34. Bxd5 Rxd5 35. Rxd5 exd5 36. Bxb6 Bf6 37. Qe3 1/2-1/2

[Event "1st Metropolitan International"]
[Site "Los Angeles"]
[Date "2011.08.21"]
[Round "9"]
[White "Yang, Darwin"]
[Black "Wang, Philip Xiao"]
[Result "1-0"]
[WhiteElo "2434"]
[BlackElo "2371"]
[PlyCount "71"]
[EventDate "2011.08.17"]
[EventType "swiss"]
[EventRounds "9"]
[EventCountry "USA"]
[SourceDate "2011.08.22"]

1. d4 d5 2. c4 e6 3. Nc3 Be7 4. cxd5 exd5 5. Bf4 c6 6. e3 Bf5 7. Nge2 Nd7 8.
Ng3 Bg6 9. Be2 Ngf6 10. h4 h5 11. Bd3 Bxd3 12. Qxd3 g6 13. O-O-O Ng4 14. Qe2
Bxh4 15. e4 Kf8 16. exd5 cxd5 17. Nxd5 Nb6 18. Nxb6 axb6 19. a3 Qf6 20. Qf3 Bg5
21. Bxg5 Qxg5+ 22. Kb1 Kg7 23. Rhe1 b5 24. d5 b4 25. axb4 Ra6 26. Ne4 Qd8 27.
Nc5 Rf6 28. Qc3 Nxf2 29. Rd2 Kh7 30. Ne6 fxe6 31. dxe6 Qf8 32. Rd7+ Kh6 33. e7
Qf7 34. Rd8 Ne4 35. Rxh8+ Kg7 36. Rxe4 1-0

[Event "1st Metropolitan International"]
[Site "Los Angeles"]
[Date "2011.08.21"]
[Round "9"]
[White "Zepeda, Lorena"]
[Black "Ulrich, Thomas"]
[Result "0-1"]
[WhiteElo "2187"]
[BlackElo "2093"]
[PlyCount "82"]
[EventDate "2011.08.17"]
[EventType "swiss"]
[EventRounds "9"]
[EventCountry "USA"]
[SourceDate "2011.08.22"]

1. d4 Nf6 2. c4 g6 3. g3 Bg7 4. Bg2 O-O 5. Nf3 d6 6. Nc3 Nbd7 7. O-O e5 8. e4
exd4 9. Nxd4 Re8 10. h3 Rb8 11. Be3 a6 12. b3 c5 13. Nde2 b5 14. Qxd6 b4 15.
Na4 Nxe4 16. Bxe4 Rxe4 17. Nxc5 Bf8 18. Nxe4 Bxd6 19. Nxd6 Ne5 20. Nxc8 Qxc8
21. f4 Nc6 22. Kg2 Qe6 23. Rf3 Rd8 24. g4 Qe4 25. Rc1 Ne7 26. Kf2 Rd3 27. Ng3
Qb7 28. c5 a5 29. Ne2 Qd5 30. Rc4 Nc6 31. Rg3 a4 32. Nc1 axb3 33. axb3 Rxb3 34.
Rc2 Ra3 35. Rd2 Qc4 36. f5 Kg7 37. Rf3 Rxe3 38. f6+ Kh6 39. Rxe3 Qxc1 40. Rd7
Qc2+ 41. Ke1 b3 0-1